Quan niệm nghệ thuật về con người trong tiểu thuyết của Lê Lựu : Luận văn Thạc sĩ Văn học Chuyên ngành Văn học Việt Nam

Đề tài nghiên cứu thế giới nghệ thuật của nhà văn thông qua cái nhìn về con người để từ đó thấy được những chuyển biến trong cách nhìn về con người qua Chương 2 thời kỳ trong và sau chiến tranh...

全面介紹

Đã lưu trong:
書目詳細資料
主要作者: Trần, Thị Mỹ Tiên
格式: 圖書
語言:Undetermined
出版: Cần Thơ Trường Đại học Cần Thơ 2010
主題:
標簽: 添加標簽
沒有標簽, 成為第一個標記此記錄!
Thư viện lưu trữ: Trung tâm Học liệu Trường Đại học Cần Thơ
LEADER 01192nam a2200229Ia 4500
001 CTU_163875
008 210402s9999 xx 000 0 und d
082 |a 895.9223009 
082 |b T305 
088 |a 60220121 
100 |a Trần, Thị Mỹ Tiên 
245 0 |a Quan niệm nghệ thuật về con người trong tiểu thuyết của Lê Lựu : 
245 0 |b Luận văn Thạc sĩ Văn học Chuyên ngành Văn học Việt Nam 
245 0 |c Trần Thị Mỹ Tiên ; Nguyễn Lâm Điền (Hướng dẫn Khoa học) 
260 |a Cần Thơ 
260 |b Trường Đại học Cần Thơ 
260 |c 2010 
520 |a Đề tài nghiên cứu thế giới nghệ thuật của nhà văn thông qua cái nhìn về con người để từ đó thấy được những chuyển biến trong cách nhìn về con người qua Chương 2 thời kỳ trong và sau chiến tranh 
650 |a Vietnamese literature,Văn học Việt Nam 
650 |x Research,Nghiên cứu 
904 |i Trọng Hải 
980 |a Trung tâm Học liệu Trường Đại học Cần Thơ